Detalles MARC
| 000 -LEADER |
| fixed length control field |
01500nam a2200217Ia 4500 |
| 003 - CONTROL NUMBER IDENTIFIER |
| control field |
OSt |
| 005 - DATE AND TIME OF LATEST TRANSACTION |
| control field |
20210729125103.0 |
| 008 - FIXED-LENGTH DATA ELEMENTS--GENERAL INFORMATION |
| fixed length control field |
210310s1999 eu ad fr 100 0 eng d |
| 040 ## - CATALOGING SOURCE |
| Original cataloging agency |
CO-JMCR |
| Transcribing agency |
CO-JMCR |
| 041 0# - LANGUAGE CODE |
| Language code of text/sound track or separate title |
eng |
| 082 04 - DEWEY DECIMAL CLASSIFICATION NUMBER |
| Classification number |
332.46 / |
| Item number |
S612n |
| Edition number |
23 |
| 111 2# - MAIN ENTRY--MEETING NAME |
| Meeting name or jurisdiction name as entry element |
Simposio Nuevos desafíos para política monetaria |
| Date of meeting or treaty signing |
(26 al 28 agosto 1999 : |
| Location of meeting |
Jackson Hole) |
| 9 (RLIN) |
38885 |
| 245 10 - TITLE STATEMENT |
| Title |
New challenges for monetary policy / |
| Statement of responsibility, etc. |
Simposio Nuevos desafíos para política monetaria |
| 260 ## - PUBLICATION, DISTRIBUTION, ETC. |
| Place of publication, distribution, etc. |
Kansas : |
| Name of publisher, distributor, etc. |
Federal Reserve Bank of Kansas City, |
| Date of publication, distribution, etc. |
1999 |
| 300 ## - PHYSICAL DESCRIPTION |
| Extent |
xxx, 430 páginas : |
| Other physical details |
ilustraciones y gráficas a blanco y negro ; |
| Dimensions |
23 cm. |
| 504 ## - BIBLIOGRAPHY, ETC. NOTE |
| Bibliography, etc. note |
Bibliografía al final de cada capítulo. |
| 505 0# - FORMATTED CONTENTS NOTE |
| Title |
Challenges for monetary policy: New and old / |
| Statement of responsibility |
Mervyn King |
| Title |
Monetary policy and asset price volatility ben bernanke / |
| Statement of responsibility |
Mark Gertler |
| Title |
Monetary policy in a transition to a floating exchange rate: remarks on the recent brazilian experience / |
| Statement of responsibility |
Arminio Fraga |
| Title |
The czech experience with asset bubbles and financial crises / |
| Statement of responsibility |
Josef Tosovsky |
| Title |
Asset price and monetary policy: Japan´s experience / |
| Statement of responsibility |
Yutaka Yamaguchi |
| Title |
Economic and monetary union in europe- The challenges ahead / |
| Statement of responsibility |
Willen F. Duisenberg |
| Title |
How Should monetary policy beconducted in an era o price stability? / |
| Statement of responsibility |
Lars E.O. Svensson |
| Title |
Exchange rates and financial fragility barry eichengreen / |
| Statement of responsibility |
Ricardo Hausmann |
| 650 14 - SUBJECT ADDED ENTRY--TOPICAL TERM |
| Topical term or geographic name entry element |
La política monetaria |
| 9 (RLIN) |
16598 |
| 650 24 - SUBJECT ADDED ENTRY--TOPICAL TERM |
| Topical term or geographic name entry element |
Bancos y banca central |
| Geographic subdivision |
Estados Unidos |
| 9 (RLIN) |
38886 |
| 942 ## - ADDED ENTRY ELEMENTS (KOHA) |
| Source of classification or shelving scheme |
Dewey Decimal Classification |
| Koha item type |
Books |